[Event "AUTO-ELITE-2044"]
[Site "http://www.queenalice.com/game.php?id=1546225"]
[Date "2018.10.18"]
[Round "1"]
[White "Herivelto"]
[Black "Diemerlin"]
[Result "1-0"]
[WhiteElo "2339"]
[BlackElo "2221"]

1. e4 d5 2. exd5 Nf6 3. Bb5+ Bd7 4. Bc4 Bg4 5. Nf3 c6 6. dxc6 Nxc6 7. O-O e6 8.
h3 Bh5 9. Nc3 Bc5 10. a3 O-O 11. Be2 Qe7 12. d3 Rad8 13. Bf4 Rfe8 14. Re1 Bb6
15. Nd2 Bxe2 16. Qxe2 e5 17. Bg3 Nd5 18. Nc4 Nd4 19. Qg4 f6 20. Nxd5 Rxd5 21.
Ne3 Rdd8 22. c3 Nc6 23. Nc4 Qf7 24. Qf3 Re7 25. Rad1 Red7 26. b4 Bc7 27. a4 1-0

[Event "AUTO-ELITE-2044"]
[Site "http://www.queenalice.com/game.php?id=1546226"]
[Date "2018.10.18"]
[Round "1"]
[White "Diemerlin"]
[Black "Herivelto"]
[Result "1/2-1/2"]
[WhiteElo "2286"]
[BlackElo "2341"]

1. e4 c5 2. d4 cxd4 3. c3 dxc3 4. Nxc3 g6 5. Nf3 Nc6 6. Bc4 Bg7 7. e5 Nxe5 8.
Nxe5 Bxe5 9. Bxf7+ Kxf7 10. Qd5+ Kg7 11. Qxe5+ Nf6 12. O-O d6 13. Qd4 Qb6 14.
Qh4 h6 15. Be3 g5 16. Qc4 Qc6 17. Qd3 Be6 18. b3 Bd5 19. f3 Rac8 20. Rac1 Qa6
21. Qd2 Bc6 22. f4 gxf4 23. Rxf4 Rhg8 24. g3 Kh7 25. Rh4 h5 26. Bd4 Qa5 27. Qe2
e5 28. Rf1 exd4 29. Rxf6 1/2-1/2

[Event "AUTO-INT-3074"]
[Site "http://www.queenalice.com/game.php?id=1564873"]
[Date "2019.3.20"]
[Round "2"]
[White "NeeneNY"]
[Black "Herivelto"]
[Result "0-1"]
[WhiteElo "1558"]
[BlackElo "2349"]

1. e4 c5 2. Nf3 d6 3. Bc4 Nc6 4. Ng5 e6 5. d3 Be7 6. O-O Nf6 7. Nc3 O-O 8. Bf4
Na5 9. a3 Nxc4 10. dxc4 h6 11. Nf3 a6 12. e5 dxe5 13. Bxe5 Bd7 14. b4 cxb4 15.
axb4 Bxb4 16. Re1 Bc6 17. h3 Rc8 18. Qxd8 Rfxd8 19. Ra4 Bxa4 20. Re2 Bxc3 21.
Bxc3 Rxc4 22. Bxf6 gxf6 23. Nd2 Rxc2 24. Ne4 Rxe2 25. Nxf6+ Kf8 26. Kf1 Bb5 27.
f4 Rd1# 0-1

[Event "AUTO-INT-3074"]
[Site "http://www.queenalice.com/game.php?id=1564874"]
[Date "2019.3.20"]
[Round "2"]
[White "Herivelto"]
[Black "NeeneNY"]
[Result "1-0"]
[WhiteElo "2381"]
[BlackElo "1508"]

1. e4 e5 2. Bb5 a6 3. Ba4 Nf6 4. d3 Bc5 5. Nf3 O-O 6. Nxe5 d6 7. Nf3 Bg4 8. O-O
b5 9. Bb3 Nc6 10. c3 b4 11. d4 Bb6 12. h3 Be6 13. d5 Ne5 14. dxe6 Nxe4 15. Nxe5
Bxf2+ 16. Rxf2 Nxf2 17. Nxf7 Qf6 18. Qc2 c6 19. Qxf2 Qxf2+ 20. Kxf2 d5 21. c4
Rae8 22. cxd5 c5 23. d6 Rxf7+ 24. exf7+ Kf8 25. fxe8=Q+ Kxe8 26. Ba4+ Kf7 27.
Bg5 h6 28. Be7 c4 29. Nd2 c3 30. bxc3 bxc3 31. Ne4 c2 32. Bh4 g5 33. Nxg5+ hxg5
34. Bxg5 c1=Q 35. Rxc1 1-0

[Event "AUTO-ELITE-2124"]
[Site "http://www.queenalice.com/game.php?id=1573932"]
[Date "2019.6.10"]
[Round "1"]
[White "Herivelto"]
[Black "Cuxtal"]
[Result "1/2-1/2"]
[WhiteElo "2382"]
[BlackElo "2701"]

1. e4 c5 2. Nf3 d6 3. c3 Nf6 4. d3 e5 5. Be2 Be7 6. O-O O-O 7. c4 Nc6 8. Nc3 Rb8
9. Bd2 Bd7 10. Nd5 a6 11. Rb1 b5 12. b3 b4 13. Ra1 a5 14. h3 h6 15. a3 Ra8 16.
Ra2 Kh7 17. Qa1 Kg8 18. Nxe7+ Nxe7 19. axb4 axb4 20. Qb2 Rxa2 21. Qxa2 Ne8 22.
Ra1 Nc7 23. Qa5 Nc6 24. Qb6 Ne6 25. Qxd8 Rxd8 26. Be3 Kf8 27. g3 Ke7 28. Kg2 Rb8
29. Bd1 Rf8 30. Nh4 Ned4 31. f4 exf4 32. gxf4 g5 33. fxg5 Rg8 34. g6 fxg6 35.
Nf3 Nxf3 36. Bxf3 g5 37. Be2 g4 38. h4 h5 39. Kg3 Rf8 40. Bg5+ Ke6 41. Bh6 Rf7
42. Bf4 Bc8 43. Ra8 Kd7 44. Be3 Kc7 45. Ra2 Bb7 46. Ra1 Kb6 47. Ra4 Kc7 48. Ra2
Kd7 49. Ra1 Ke6 50. Ra2 Ke5 51. Bc1 Ke6 52. Be3 1/2-1/2

[Event "AUTO-ELITE-2124"]
[Site "http://www.queenalice.com/game.php?id=1573933"]
[Date "2019.6.10"]
[Round "1"]
[White "Cuxtal"]
[Black "Herivelto"]
[Result "1/2-1/2"]
[WhiteElo "2695"]
[BlackElo "2392"]

1. a3 Nf6 2. d4 g6 3. Nf3 Bg7 4. c4 O-O 5. e3 d5 6. cxd5 Nxd5 7. Qc2 Nc6 8. Bb5
Bd7 9. O-O Ncb4 10. Qc5 Bxb5 11. Qxb5 a6 12. Qe2 Nc6 13. Rd1 Nb6 14. Nc3 Qd7 15.
Qc2 Rfd8 16. b3 Qe6 17. Rb1 f5 18. Bb2 Bf6 19. Re1 Na5 20. Ne2 Nd5 21. Ng3 Qc6
22. Qd1 Qb5 23. Ba1 b6 24. h4 Nb7 25. h5 Nd6 26. Ne5 Qe8 27. hxg6 hxg6 28. Bb2
Rac8 29. Qf3 e6 30. Rbc1 Bxe5 31. dxe5 Nf7 32. e4 Ng5 33. Qe2 Nxe4 34. Nxe4 fxe4
35. Qxe4 Qf7 36. Rc6 Nf4 37. Bc1 Nd3 38. Rf1 Rd5 39. Qh4 Rxe5 40. Qg3 Rd5 41.
Rc3 Nxc1 42. Rfxc1 c5 43. Rf3 Qh7 44. Qg4 Re8 45. Rh3 Qg7 46. Rcc3 Rf5 47. Rce3
b5 48. Qg3 Rd5 49. a4 e5 50. Qg5 Rd1+ 51. Kh2 Rd4 52. Reg3 Re6 53. Qe3 bxa4 54.
bxa4 c4 55. Qa3 Qf7 56. Qc5 Kg7 57. Rc3 1/2-1/2

[Event "AUTO-ELITE-2124"]
[Site "http://www.queenalice.com/game.php?id=1573934"]
[Date "2019.6.10"]
[Round "1"]
[White "Herivelto"]
[Black "rsgaspar"]
[Result "1-0"]
[WhiteElo "2366"]
[BlackElo "2464"]

1. e4 c5 2. Nf3 Nc6 3. c3 e5 4. d3 Nf6 5. Be2 d5 6. exd5 Nxd5 7. O-O Be7 8. c4
Nc7 9. Nc3 O-O 10. Re1 b6 11. Bd2 Bb7 12. a3 Qd7 13. Qa4 Rfd8 14. Bd1 Qf5 15.
Re3 Qg6 16. g3 Qf5 17. Be2 Nd4 18. Nxe5 Nxe2+ 19. Rxe2 1-0

[Event "AUTO-ELITE-2124"]
[Site "http://www.queenalice.com/game.php?id=1573935"]
[Date "2019.6.10"]
[Round "1"]
[White "rsgaspar"]
[Black "Herivelto"]
[Result "0-1"]
[WhiteElo "2474"]
[BlackElo "2350"]

1. e4 c5 2. Nf3 d6 3. Bc4 Nc6 4. O-O Nf6 5. Nc3 g6 6. d4 cxd4 7. Nxd4 Nxd4 8.
Qxd4 Bg7 9. Bb3 O-O 10. f3 Be6 11. Qf2 Nd7 12. Rd1 Bxc3 13. bxc3 Qa5 14. Be3
Qxc3 15. Bxa7 b6 16. Bxb6 Nxb6 17. Qxb6 Rfb8 0-1

[Event "AUTO-ELITE-2167"]
[Site "http://www.queenalice.com/game.php?id=1588330"]
[Date "2019.10.29"]
[Round "1"]
[White "ArmandoFerreira"]
[Black "Herivelto"]
[Result "1-0"]
[WhiteElo "2762"]
[BlackElo "2409"]

1. e4 c5 2. Nc3 d6 3. d4 cxd4 4. Qxd4 Nc6 5. Qe3 g6 6. h3 Bg7 7. Nf3 Bh6 8. Qd3
Bxc1 9. Rxc1 Nf6 10. Qe3 Be6 11. Rd1 Qb6 12. Qxb6 axb6 13. a3 O-O 14. Nd4 Ra5
15. Be2 h5 16. f4 h4 17. Ndb5 Kg7 18. O-O Rd8 19. Rd2 Rh8 20. Bd3 Kh6 21. Nc7
Rc8 22. N3b5 Nd4 23. e5 Nxb5 24. Nxe6 fxe6 25. exf6 Nc7 26. fxe7 Re8 27. g4 Rxe7
28. f5 exf5 29. gxf5 g5 30. f6 Rf7 31. Re2 Nd5 32. Re8 Nxf6 33. Rg8 Nxg8 34.
Rxf7 Kh5 35. Rxb7 Nf6 36. Rxb6 Rd5 37. a4 g4 38. Rb5 gxh3 39. Kh2 Re5 40. Rxe5+
dxe5 41. Be2+ Kg5 42. a5 1-0

[Event "AUTO-ELITE-2167"]
[Site "http://www.queenalice.com/game.php?id=1588331"]
[Date "2019.10.29"]
[Round "1"]
[White "Herivelto"]
[Black "ArmandoFerreira"]
[Result "0-1"]
[WhiteElo "2408"]
[BlackElo "2796"]

1. e4 c5 2. Nf3 d6 3. Nc3 Nf6 4. d3 Nc6 5. Be2 e5 6. Nd5 Be7 7. c3 O-O 8. O-O
Nxd5 9. exd5 Nb8 10. Qc2 Bf5 11. Qb3 Nd7 12. Nd2 Rb8 13. Ne4 b5 14. f4 exf4 15.
Bxf4 Bg6 16. Rae1 Bxe4 17. dxe4 Bg5 18. Bg3 Bh4 19. Bxh4 Qxh4 20. g3 Qg5 21. Rf4
b4 22. Qa4 Ne5 23. c4 b3 24. axb3 Rb4 25. Qa3 h5 26. Bf1 h4 27. Re3 Ra8 28. Qa6
Ng6 29. Rff3 Rb6 30. Qa5 Ne5 31. Rf4 hxg3 32. hxg3 Ng6 33. Rff3 Nh4 34. Rf4 Ng6
35. Rff3 Ne5 36. Rf4 Rab8 37. Qa2 g6 38. Rc3 Qh5 39. Rf2 Kg7 40. Be2 Qg5 41. Rf4
a5 42. Kg2 Qh6 43. Qxa5 Rh8 44. Kf2 Qh2+ 45. Ke1 Qh1+ 46. Bf1 g5 47. Rf2 Qxe4+
48. Kd1 Qd4+ 49. Rd2 Qg1 50. Ke1 Rbb8 51. Rg2 Qd4 52. Re2 Ra8 53. Qa4 Rxa4 54.
bxa4 Rh1 0-1

[Event "AUTO-ELITE-2167"]
[Site "http://www.queenalice.com/game.php?id=1588338"]
[Date "2019.10.29"]
[Round "1"]
[White "Herivelto"]
[Black "trompmaster"]
[Result "1-0"]
[WhiteElo "2421"]
[BlackElo "2407"]

1. e4 b6 2. d4 Bb7 3. Nc3 e6 4. Nf3 d6 5. d5 e5 6. a4 a6 7. Bc4 h6 8. O-O Nd7 9.
Be3 g6 10. Ne1 Bg7 11. Nd3 Ne7 12. Qd2 g5 13. Qe2 Ng6 14. g3 h5 15. Nb4 Nb8 16.
a5 bxa5 17. Rxa5 Bf6 18. Rfa1 h4 19. Nxa6 Kf8 20. Nxb8 Rxb8 21. R1a3 Kg7 22. Ra7
Bc8 23. Nb5 hxg3 24. fxg3 Nf4 25. gxf4 exf4 26. Bd4 Bd7 27. c3 Bxb5 28. Bxb5
Bxd4+ 29. cxd4 Qf6 30. R7a4 Rh4 31. Bd7 f3 32. Rxf3 Rxb2 33. e5 dxe5 34. dxe5
Qb6+ 35. Qe3 Rxa4 36. Bxa4 Rb1+ 37. Kg2 Rb2+ 38. Kg3 Qh6 39. Rf2 Qh4+ 40. Kg2
Qg4+ 41. Qg3 Rxf2+ 42. Kxf2 Qxa4 43. Qxg5+ Kf8 44. Qd8+ Kg7 45. Qf6+ Kg8 46. e6
Qc2+ 47. Kg3 fxe6 48. Qxe6+ Kh7 49. Qc6 Qd3+ 50. Kf4 Qd2+ 51. Ke5 Qxh2+ 52. Ke6
Kg6 53. Kd7+ Kg5 54. Qc1+ Kf5 55. Qxc7 Qh7+ 56. Kc6 Qh1 57. Qd6 Ke4 58. Kc7 Qh7+
59. Kb6 Kd4 60. Qc5+ Ke5 61. Kc6 Qh1 62. Qe3+ Kf5 63. Kc5 Kf6 64. Qe6+ Kg7 65.
Qe5+ Kg6 66. d6 Qc1+ 67. Kb6 Qc8 68. Qe4+ Kf6 69. Qe7+ Kg6 70. Qc7 Qg4 71. d7
Qb4+ 72. Ka7 Qa4+ 73. Kb7 Qb4+ 74. Qb6+ Qxb6+ 75. Kxb6 Kf5 76. d8=Q Ke5 77. Kc5
Kf4 78. Qe7 Kg3 79. Qf6 Kh3 80. Qg5 Kh2 81. Kd4 Kh3 82. Ke3 Kh2 83. Kf2 Kh3 84.
Qg3# 1-0

[Event "AUTO-ELITE-2167"]
[Site "http://www.queenalice.com/game.php?id=1588339"]
[Date "2019.10.29"]
[Round "1"]
[White "trompmaster"]
[Black "Herivelto"]
[Result "1-0"]
[WhiteElo "2401"]
[BlackElo "2429"]

1. d4 Nf6 2. Nf3 g6 3. e3 Bg7 4. Be2 O-O 5. O-O d6 6. b3 c5 7. Bb2 Nc6 8. c4 Ne4
9. Nc3 Bf5 10. Bd3 Nxc3 11. Bxc3 Bg4 12. Be4 cxd4 13. exd4 Qb6 14. Rc1 Rfe8 15.
h3 Bxf3 16. Bxf3 Nxd4 17. Bxb7 Rad8 18. Be4 e6 19. Qd2 d5 20. cxd5 exd5 21. Bd3
Nc6 22. Rfd1 Bxc3 23. Qxc3 Nb4 24. Qd2 Nxd3 25. Qxd3 Re7 26. g3 Kg7 27. h4 Re6
28. Rc2 Rd7 29. Qd4+ Qxd4 30. Rxd4 Re4 31. Rd3 Re1+ 32. Kg2 Kf6 33. Kf3 h5 34.
Rd4 Ke5 35. Ra4 Re4 36. Re2 Rxe2 37. Kxe2 f6 38. Ra6 Rf7 39. Kd3 g5 40. Ra4 Rc7
41. a3 Kf5 42. Ra6 gxh4 43. gxh4 Kg4 44. Rxf6 Kxh4 45. Rg6 Rf7 46. Ke3 a5 47. f4
Rb7 48. f5 Rxb3+ 49. Kf4 Rxa3 50. Rg1 Ra4+ 51. Ke5 Re4+ 52. Kxd5 Rf4 53. Ke5 Rf2
54. f6 a4 55. Ke6 a3 56. f7 a2 57. Ra1 Kg3 58. Rxa2 Rf1 59. Ra3+ Kg2 60. Ra4 Kg3
61. Ra3+ Kg2 62. Ra5 Rxf7 63. Kxf7 h4 64. Rh5 h3 65. Rxh3 Kxh3 66. Kg6 Kg4 67.
Kf6 Kf4 68. Ke6 Ke4 69. Kf6 Kf4 70. Ke6 Ke4 71. Kf6 Kf4 72. Ke6 Ke4 73. Kf6 Kf4
74. Ke6 Ke4 75. Kf6 Kf4 76. Ke6 Ke4 77. Kf6 Kf4 78. Ke6 Ke4 79. Kf6 Kf4 80. Ke6
Ke4 81. Kf6 Kf4 82. Ke6 Ke4 83. Kf6 Kf4 84. Ke6 Ke4 85. Kf6 Kf4 86. Ke6 1-0

[Event "AUTO-ELITE-2124"]
[Site "http://www.queenalice.com/game.php?id=1592122"]
[Date "2019.12.5"]
[Round "2"]
[White "Herivelto"]
[Black "BEBADO"]
[Result "1-0"]
[WhiteElo "2407"]
[BlackElo "2354"]

1. e4 c5 2. Nf3 e6 3. Nc3 Nc6 4. d4 cxd4 5. Nxd4 d6 6. Bb5 Bd7 7. O-O Nf6 8. Be3
Be7 9. Qe2 O-O 10. f3 Nxd4 11. Bxd4 Bxb5 12. Qxb5 Qd7 13. Qb3 Rfc8 14. Rf2 Qc6
15. Rd1 a6 16. a3 Nd7 17. a4 b6 18. Qa3 Bf8 19. Re2 Qb7 20. Qb3 Rab8 21. f4 b5
22. axb5 axb5 23. f5 Rc4 24. fxe6 fxe6 25. Nb1 d5 26. Qh3 Re8 27. c3 b4 28. exd5
Qxd5 29. Nd2 Rc6 30. Ree1 bxc3 31. Bxc3 Nf6 32. Bxf6 gxf6 33. Ne4 Qe5 34. Qf3
1-0

[Event "AUTO-ELITE-2124"]
[Site "http://www.queenalice.com/game.php?id=1592123"]
[Date "2019.12.5"]
[Round "2"]
[White "BEBADO"]
[Black "Herivelto"]
[Result "0-1"]
[WhiteElo "2343"]
[BlackElo "2414"]

1. e4 c5 2. Nf3 d6 3. d4 cxd4 4. Nxd4 Nf6 5. Nc3 Nc6 6. Bg5 Bd7 7. Qd2 a6 8.
Bxf6 gxf6 9. Bc4 Rg8 10. Nxc6 Bxc6 11. f3 e6 12. O-O-O b5 13. Bd3 b4 14. Ne2
Rxg2 15. Qxb4 d5 16. Qc3 Rc8 17. Bxa6 Rxe2 18. Bxe2 Ba4 19. Qd2 Rxc2+ 20. Qxc2
Bxc2 21. Kxc2 d4 22. Kb1 e5 23. Bb5+ Ke7 24. Rd3 Bh6 25. a4 f5 26. Re1 Qa5 27.
Re2 fxe4 28. fxe4 Qa8 29. b3 Be3 30. Rexe3 dxe3 31. Rxe3 f5 32. exf5 Kf6 33. Bd3
Qh1+ 34. Kb2 Qxh2+ 35. Ka3 Qd2 36. Rh3 Qc3 0-1

[Event "AUTO-ELITE-2124"]
[Site "http://www.queenalice.com/game.php?id=1592124"]
[Date "2019.12.5"]
[Round "2"]
[White "Herivelto"]
[Black "capaputi"]
[Result "1-0"]
[WhiteElo "2401"]
[BlackElo "2188"]

1. e4 c5 2. Nf3 Nc6 3. c3 d5 4. exd5 Qxd5 5. Na3 Bg4 6. Bb5 Nf6 7. Nc4 O-O-O 8.
d3 Bxf3 9. Qxf3 Ne5 10. Qf5+ e6 11. Qxe5 Qxg2 12. Bf4 Qxf2+ 13. Kxf2 Ng4+ 14.
Kf3 Nxe5+ 15. Nxe5 a6 16. Nxf7 axb5 17. Nxh8 Rxd3+ 18. Ke4 1-0

[Event "AUTO-ELITE-2124"]
[Site "http://www.queenalice.com/game.php?id=1592125"]
[Date "2019.12.5"]
[Round "2"]
[White "capaputi"]
[Black "Herivelto"]
[Result "0-1"]
[WhiteElo "2219"]
[BlackElo "2405"]

1. Nf3 Nf6 2. g3 g6 3. Bg2 Bg7 4. O-O O-O 5. d4 d5 6. c4 dxc4 7. Na3 Nc6 8. Nxc4
Bf5 9. e3 Be4 10. Bd2 Qd5 11. Rc1 Rfd8 12. Ne1 Bxg2 13. Nxg2 Ne4 14. f3 Nxd2 15.
Qxd2 e5 16. Qd1 exd4 17. e4 Qb5 18. Nf4 d3 19. Nd5 Ne5 20. a4 Qc5+ 21. Nce3 Qd4
22. Qd2 c6 23. Nc3 Nc4 24. Nd1 Nxd2 0-1

[Event "AUTO-ELITE-2253"]
[Site "http://www.queenalice.com/game.php?id=1620622"]
[Date "2020.7.16"]
[Round "1"]
[White "RaulSoft"]
[Black "Herivelto"]
[Result "1-0"]
[WhiteElo "2612"]
[BlackElo "2428"]

1. d4 Nf6 2. c4 g6 3. Nc3 Bg7 4. e4 d6 5. Nge2 Nc6 6. d5 Ne5 7. f4 Ned7 8. Be3
O-O 9. Ng3 c5 10. Bd3 Qb6 11. Qe2 h5 12. O-O Ng4 13. Bc1 Bd4+ 14. Kh1 1-0